Jsme tvé děti, Pane Ježíši : příprava k prvnímu přijetí svátosti smíření a eucharistie /

Hlavní autor: Plhoň, Jiří
Jazyk: Čeština
Vydáno: V Brně : Jiří Brauner - Kartuziánské nakladatelství, 2018
Témata:
Fyzický popis: 59 stran : ilustrace ; 21 cm
Knihy
Uloženo v:
LEADER 02360nam a2200625 i 4500
001 nkc20183002866
003 CZ PrNK
005 20190801145020.0
007 ta
008 180620s2018 xr a b f 000 0 cze
015 |a cnb003002866 
020 |a 978-80-87864-91-3  |q (brožováno) 
035 |a (OCoLC)1111949131 
040 |a OLA001  |b cze  |d ABA001  |e rda 
072 7 |a 27-5  |x Liturgie. Křesťanské umění a symbolika. Duchovní život  |2 Konspekt  |9 5 
072 7 |a 0/9-053.2  |x Literatura pro děti a mládež (naučná)  |2 Konspekt  |9 26 
080 |a 27-55-543.8  |2 MRF 
080 |a 272-549  |2 MRF 
080 |a 27-184  |2 MRF 
080 |a 27-312  |2 MRF 
080 |a 2-231  |2 MRF 
080 |a 272-184.3  |2 MRF 
080 |a (035)  |2 MRF 
080 |a (0.053.2)  |2 MRF 
100 1 |a Plhoň, Jiří  |7 ola2003201083  |4 aut 
245 1 0 |a Jsme tvé děti, Pane Ježíši :  |b příprava k prvnímu přijetí svátosti smíření a eucharistie /  |c Jiří Plhoň 
264 1 |a V Brně :  |b Jiří Brauner - Kartuziánské nakladatelství,  |c 2018 
300 |a 59 stran :  |b ilustrace ;  |c 21 cm 
336 |a text  |b txt  |2 rdacontent 
337 |a bez média  |b n  |2 rdamedia 
338 |a svazek  |b nc  |2 rdacarrier 
500 |a 2000 výtisků 
504 |a Obsahuje bibliografii 
650 0 7 |a svátost smíření  |7 ph126314  |2 czenas 
650 0 7 |a eucharistie  |7 ph120027  |2 czenas 
650 0 7 |a Bůh a člověk  |7 ph116953  |2 czenas 
650 0 7 |a život Ježíše Krista  |7 ph138453  |2 czenas 
650 0 7 |a biblické citáty  |7 ph118853  |2 czenas 
650 0 7 |a katolická víra  |7 ph121532  |2 czenas 
650 0 9 |a sacrament of reconciliation  |2 eczenas 
650 0 9 |a Eucharist  |2 eczenas 
650 0 9 |a relations between God and man  |2 eczenas 
650 0 9 |a life of Christ  |2 eczenas 
650 0 9 |a Biblical quotations  |2 eczenas 
650 0 9 |a Catholic faith  |2 eczenas 
655 7 |a příručky  |7 fd133209  |2 czenas 
655 7 |a publikace pro děti  |7 fd133156  |2 czenas 
655 9 |a handbooks and manuals  |2 eczenas 
655 9 |a children's literature  |2 eczenas 
910 2 |a BOA001  |b 2-1423.232 
928 9 |a Kartuziánské nakladatelství 
990 |a BK 
995 |a 01 
996 6 |b 2610771707  |c 2-1423.232  |l MZK  |r Sklad / do 1 hodiny  |n 0  |p p.v.  |w 001709077  |u 000010  |a 1  |e BOA001  |j MZK50  |s P 
996 7 |b 2610771708  |c 2-1423.232  |l MZK  |r Sklad / do 1 hodiny  |n 0  |p p.v.  |w 001709077  |u 000020  |a 1  |e BOA001  |j MZK50  |s A